40 juegos para practicar la lengua española

Spremljeno u:
Bibliografski detalji
Glavni autori: Jacquet, Jacqueline (Autor), Casulleras, Silvia (Autor)
Format: Knjiga
Jezik:španjolski
Izdano: Barcelona Graó 2004
Izdanje:1a. ed
Serija:Didáctica de la Lengua y la Literatura, 197
Teme:
Oznake: Dodaj oznaku
Bez oznaka, Budi prvi tko označuje ovaj zapis!

MARC

LEADER 00000cam a2200000 a 4500
001 UCE9786
003 CL-VaPUC
008 151106e20040000sp |||||||||||||||||spa|d
020 |a 9788478273331 
082 0 4 |a 372.62  |b JAC  |2 21 
100 0 |a Jacquet, Jacqueline  |e author  |9 582722 
700 0 |a Casulleras, Silvia  |e author  |9 582723 
245 1 0 |a 40 juegos para practicar la lengua española 
250 |a 1a. ed 
300 |a 95 p 
942 |c BK 
945 |d 20151106 14:16:00  |a dcastane 
260 |a Barcelona  |b Graó  |c 2004 
650 7 |a ENSEÑANZA DE LA LENGUA  |2 CL-VaPUC  |9 390747 
650 0 |a Juegos   |9 243060 
650 0 |a Métodos de enseñanza  |9 270413 
583 |a last modification  |c 20151106 14:16:00  |k Rodrigo Vera 
490 0 |a Didáctica de la Lengua y la Literatura, 197 
999 |c 361431  |d 361429 
952 |0 0  |1 0  |3 erb  |4 0  |6 372_620000000000000_JAC_2004  |7 0  |8 A  |9 471942  |a BIBEDU  |b BIBEDU  |c ES_NOD  |i 5247578  |l 1  |o 372.62 JAC 2004  |p 5247578  |r 2023-08-09  |s 2022-08-08  |w 2019-11-24  |y BK  |z Catalogado en:20151106  |k EBA 
952 |0 0  |1 0  |3 erb  |4 0  |6 372_620000000000000_JAC_2004  |7 0  |8 A  |9 471943  |a BIBEDU  |b BIBEDU  |c ES_NOD  |i 5247586  |o 372.62 JAC 2004  |p 5247586  |r 2023-08-09  |w 2019-11-24  |y BK  |z Catalogado en:20151106  |k EBA